000 01328nam a2200289 a 4500
001 BRCA_3396
005 20190320204248.0
041 _aeng
044 _aenk
084 _a685
_b.G74
_c1910
100 1 _aCervantes Saavedra, Miguel de
_d1547-1616
_9213
245 1 0 _aThe History of the Ingenious Gentleman Don Quixote of La Mancha
_cTranslation from the Spanish by P. A. Motteux.
260 _aEdinburgo
_bJohn Grant
_c1910
300 _a4 v.
_bil.
_c27 cm.
500 _aContenido : v.1. Primera parte. Retrato de Cervantes. Advertencia del editor. Vida de Cervantes. Prólogo del autor. Notas. -- v.2. Texto. Notas. -- v.3. Segunda parte. Prólogo de Cervantes. Notas. -- v.4. Texto. Notas
500 _aReproducción de la versión de Motteux, publicada en 1879-84, por William Paterson. Tela; lomos adornados con motivos quijotiles dorados Lúdovik Osterc
500 _aQM1159
546 _aTexto en : inglés
650 1 4 _aNovela española
_yÉpoca clásica, 1500-1700
_9215
650 1 4 _aLiteratura española
_yÉpoca clásica, 1500-1700
_9216
650 1 4 _aNovela española
_ySiglo XVII
_9217
650 1 4 _aDon Quijote (Personaje ficticio)
_eNovela
_9218
700 1 _aMotteux, Peter Anthony
_d1663-1718
_eTraductor
_98923
740 0 _aEl Ingenioso Hidalgo Don Quijote de la Mancha
902 _aQFM
942 _2lcc
_cB
999 _c3132
_d3132